000 00663nam a2200265Ia 4500
005 20260121172033.0
008 008 260114s9999 xx 000 0 eng d
020 _a9783030508166
037 _aEBOOK
040 _aCRL
040 _beng
040 _cCRL
041 _2eng
041 _aeng
084 _qCRL
100 _aGregoris Ioannou
_91083513
245 4 _aThe Normalisation of Cyprus’ Partition Among Greek Cypriots
260 _bSpringer
260 _bSpringer
260 _c2020
856 _uhttps://link.springer.com/openurl?genre=book&isbn=978-3-030-50816-6
942 _cEBOOK
999 _c1649247
_d1649247